000 00891nam a22001937a 4500
008 100705t xxu||||| |||| 00| 0 eng d
020 _a977020644X
082 _222
_a301.444362
_bش ل ب
100 _915863
_aشلبى, على
245 _aالريف المصرى فى النصف الثانى من القرن التاسع عشر:
_b1847 - 1891 /
_cعلى شلبى
260 _aالقاهرة:
_bدار المعارف,
_c1983.
300 _a464 ص؛
_c25 سم.
650 _915864
_aالريف المصرى - تاريخ - العصر الحديث
650 _915866
_aالريف المصر فى العصر الحديث
650 _915867
_aمجتمعات ريفية
650 _915868
_aمصر
942 _2ddc
_cBB
999 _c14373
_d14373